| 000 | 00845cam a22002657a 4500 | ||
|---|---|---|---|
| 020 | _a9780807832400 (hbk.) | ||
| 020 | _a0807832405 (hbk.) | ||
| 020 | _a9780807859094 (pbk.) | ||
| 020 | _a0807859095 (pbk.) | ||
| 040 | _cBTCTA | ||
| 082 | 0 | 4 | _a975 UNI 2008 A103 Or. |
| 245 | 0 | 0 | _aAgriculture and industry / |
| 246 | 1 | 8 | _aAgriculture & industry |
| 260 |
_aChapel Hill : _bUniversity of North Carolina Press, _cc2008. |
||
| 300 |
_axviii, 354 p. : _bill., map ; _c24 cm. |
||
| 490 | 1 | _aThe new encyclopedia of Southern culture ; | |
| 500 | _a"Sponsored by the Center for the Study of Southern Culture at the University of Mississippi." | ||
| 650 | 0 | _aAgriculture | |
| 650 | 0 | _aAgriculture | |
| 650 | 0 | _aIndustries | |
| 700 | 1 | _aWalker, Melissa, | |
| 700 | 1 | _aCobb, James C. | |
| 710 | 2 | _aUniversity of Mississippi. | |
| 942 | _cEK | ||
| 999 |
_c14638 _d14638 |
||